00884cam a2200217 a 450000100100000000500170001000800410002702000150006804000250008308200190010810000480012724500590017526000420023430000210027665000270029765000420032474000520036695201160041895201170053499900150065100000985320200929161731.0920123s1988 txu 000 f spa  a0311370276 aDO-SdBNPbspacBNPHU aA863.44bK965C1 aKunsch de Sokoluk, María Cristina.92478210aCartas de Ester /cMaría Cristina Kunsch de Sokoluk. aEl Paso, Tx. :bMundo Hispano,c1988. a110 p. ;c18 cm. 4aNovela argentina93941 4aLiteratura argentinaySIGLO XX9147110 aFascinante novela basada en un hecfo historico. 001050718MOaGRbGRcHDd2009-10-01iLF1l0oA863.44 K965Cp9853-10r2020-06-25w2020-06-25y1ZNo se presta 0010507-18MOaPDbPDcOId2017-05-25iLF1l0oA863.44 K965Cp9853-20r2020-06-25w2020-06-25y1ZNo se presta c9612d9612